000 00414nam a22001457a 4500
020 _a9780134956565
040 _cNust
082 _a621.38152
_bBHA'S
100 _aPallab Bhattacharya
_9126609
245 _aSemiconductor optoelectronic devices
250 _a2nd Edition
260 _aNew Jersey:
_bPrentice Hall of India,
_c1997.
650 _aSemiconductor optoelectronic devices
_973904
942 _2ddc
_cBK
999 _c612213
_d612213